000 00558nam a2200217Ia 4500
999 _c16829
_d16829
003 OSt
005 20210906111306.0
008 160316s1982 xxu||||| |||| 00| 0 eng d
020 _a9788187155751
040 _cn
082 _a796.000000
_bKUM
100 _aKumar Virendra
245 _aRules and skills of sports and games
250 _a5th
260 _aNew Delhi
_bPankaj Publications
_c1982
300 _a448p
_cvii
365 _bRs.80
650 _a1. Sports - Skills2. Sports - Outdoor Games3. Sports Rules
700 _a
_a
942 _2ddc
_cBK